000 00894nam a2200265Ia 4500
003 OSt
005 20221005110609.0
006 a|||||r|||| 00| 0
007 ta
008 221004b |||||||| |||| 00| 0 hin d
020 _a8126311444 (hbk)
_c310
024 _a7881
037 _b252, 24/10/2013, Swaraj Prakashan
_cTextual
040 _aCRL
_cCRL
_bhin
041 _2hin
_ahin
082 _aO152,3N3512,PB, P6
100 _aकामतानाथ
245 0 _aपिघलेगी बर्फ
246 _aPighalegī barfa
260 _aनई दिल्ली
_bभारतीय ज्ञानपीठ भारत
_c2006
300 _a206पृ0
_ccm.
650 _aहिन्दी साहित्य
942 _hO152,3N3512,PB, P6
_cTEXL
_2cc
999 _c1019314
_d1019314